| 000 | 00574ntaaa2200205 4500 | ||
|---|---|---|---|
| 003 | 01 | ||
| 005 | 20251027202529.0 | ||
| 008 | 0714s1973 ag 01 | ||
| 040 |
_aAR-BaBN _bspa _cAR-BaBN _eaacr _dRIC |
||
| 082 | _a289.7300 Ze6 | ||
| 100 |
_aZieglschmid, A.J.F. _924301 |
||
| 245 | _aDie alteste Chronik der Hutterischen Bruder | ||
| 250 | _a1 ed. | ||
| 260 |
_aIthaca : _bThe Cayuga Press, Inc.,, _c1943 |
||
| 300 | _a1037 p. y 20 grabados | ||
| 500 | _aLa cronica mas antigua de los hermanos Huterias | ||
| 650 |
_aHuterias _924302 |
||
| 650 | _aMenonitas | ||
| 942 | _cBK | ||
| 999 |
_c20353 _d20353 |
||